Culture Générale - Série 144 - Statistiques

Statistiques générales
  • Ce quiz a été pris 420 fois
  • Le résultat moyen est 7 sur 10
Statistiques - réponses
Question Réponse % Correct
Quel prix Nobel Mikhaïl Gorbatchev a-t-il reçu en 1990 ? Paix
93%
Quelle ville est le chef-lieu du département des Alpes-Maritimes ? Nice
84%
Sous quelle République Vincent Auriol devint-il président en 1947 ? Quatrième
82%
Quel trophée était prélevé par les Indiens sur le crâne des victimes ? Scalp
79%
De quel chanteur Fabrice Luchini est-il fan dans "Jean-Philippe" ? Johnny Hallyday
76%
Quel astre est associé à Satan dans le titre d'un film de 1987 ? Soleil
76%
Quel nom porte le renne au Canada ? Caribou
72%
Dans "Le Rouge et le Noir", qui séduit Madame de Rênal ? Julien Sorel
64%
De quel parti politique Tony Blair devient-il le leader en 1994 ? Parti travailliste
50%
Sous quel nom Lev Davidovitch Bronstein est-il plus connu ? Trotski
16%
Aucun quiz correspondant
Distribution des résultats
% des personnes avec chaque résultat
Percentile par nombre de réponses
Votre historique - résultats
Vous n’avez pas pris ce quiz